Industrial/Organizational Psychology : (Record no. 23754)
[ view plain ]
| 000 -LEADER | |
|---|---|
| fixed length control field | 00517nam a2200169 a 4500 |
| 005 - DATE AND TIME OF LATEST TRANSACTION | |
| control field | 20140310183458.0 |
| 008 - FIXED-LENGTH DATA ELEMENTS--GENERAL INFORMATION | |
| fixed length control field | 100113s19uu xx 00 eng d |
| 020 ## - INTERNATIONAL STANDARD BOOK NUMBER | |
| International Standard Book Number | 13:978-0-495-80644-8 |
| 100 ## - MAIN ENTRY--PERSONAL NAME | |
| Personal name | Aamodt, Michael G. |
| 245 ## - TITLE STATEMENT | |
| Title | Industrial/Organizational Psychology : |
| Remainder of title | an applied approach / |
| Statement of responsibility, etc | Michael G. Aaamodt. |
| 250 ## - EDITION STATEMENT | |
| Edition statement | 6th ed. |
| 260 ## - PUBLICATION, DISTRIBUTION, ETC. (IMPRINT) | |
| Place of publication, distribution, etc | Australia : |
| Name of publisher, distributor, etc | Wadsworth CENGAGE Learning, |
| Date of publication, distribution, etc | c2010. |
| 300 ## - PHYSICAL DESCRIPTION | |
| Extent | 684 p. |
| 650 ## - SUBJECT ADDED ENTRY--TOPICAL TERM | |
| Topical term or geographic name as entry element | Psychology, Industrial |
| 650 ## - SUBJECT ADDED ENTRY--TOPICAL TERM | |
| Topical term or geographic name as entry element | Organizational Change. |
| 942 ## - ADDED ENTRY ELEMENTS (KOHA) | |
| Koha item type | Books |
| Withdrawn status | Lost status | Source of classification or shelving scheme | Damaged status | Home library | Current library | Shelving location | Date acquired | Source of acquisition | Cost, normal purchase price | Total Checkouts | Full call number | Barcode | Date last seen | Price effective from | Koha item type | Public note |
|---|---|---|---|---|---|---|---|---|---|---|---|---|---|---|---|---|
| Withdrawn | Lost | Library of Congress Classification | College Library | College Library | General Circulation Section | 01/13/2010 | Donation | 4400.00 | PSYCH 158.7 Aa5 2010 | C10866 | 10/18/2013 | 10/18/2013 | Books | On Loan (ATHENA) due Nov 26/2013 - Long Overdue |